|
|
|
|
| LEADER |
00000cam a22000004a 4500 |
| 001 |
musev2_20167 |
| 003 |
MdBmJHUP |
| 005 |
20230905042146.0 |
| 006 |
m o d |
| 007 |
cr||||||||nn|n |
| 008 |
070425s2007 quc o 00 0 fre d |
| 020 |
|
|
|a 9782760521865
|
| 020 |
|
|
|z 9782760514966
|
| 035 |
|
|
|a (OCoLC)605319660
|
| 040 |
|
|
|a MdBmJHUP
|c MdBmJHUP
|
| 245 |
0 |
3 |
|a Le conservatisme américain :
|b Un mouvement qui a transformé les États-Unis /
|c sous la direction de Charles-Philippe David et Julien Tourreille.
|
| 264 |
|
1 |
|a Quebec [Que.] :
|b Presses de l'Universite du Quebec,
|c 2007.
|
| 264 |
|
3 |
|a Baltimore, Md. :
|b Project MUSE,
|c 2013
|
| 264 |
|
4 |
|c ©2007.
|
| 300 |
|
|
|a 1 online resource (188 pages):
|b illustrations.
|
| 336 |
|
|
|a text
|b txt
|2 rdacontent
|
| 337 |
|
|
|a computer
|b c
|2 rdamedia
|
| 338 |
|
|
|a online resource
|b cr
|2 rdacarrier
|
| 490 |
0 |
|
|a Enjeux contemporains ;
|v 7
|
| 588 |
|
|
|a Description based on print version record.
|
| 610 |
2 |
7 |
|a Republican Party (U.S. : 1854- )
|2 fast
|0 (OCoLC)fst00544975
|
| 610 |
2 |
6 |
|a Republican Party (É.-U. : 1854- )
|
| 610 |
2 |
0 |
|a Republican Party (U.S. : 1854- )
|
| 650 |
|
7 |
|a Progressivism (United States politics)
|2 fast
|0 (OCoLC)fst01078751
|
| 650 |
|
7 |
|a Politics and government
|2 fast
|0 (OCoLC)fst01919741
|
| 650 |
|
7 |
|a Diplomatic relations.
|2 fast
|0 (OCoLC)fst01907412
|
| 650 |
|
7 |
|a Conservatism.
|2 fast
|0 (OCoLC)fst00875582
|
| 650 |
|
7 |
|a POLITICAL SCIENCE / General
|2 bisacsh
|
| 650 |
|
7 |
|a POLITICAL SCIENCE
|x Political Ideologies
|x Conservatism & Liberalism.
|2 bisacsh
|
| 650 |
|
6 |
|a Progressisme
|z États-Unis.
|
| 650 |
|
6 |
|a Conservatisme
|z États-Unis.
|
| 650 |
|
0 |
|a Progressivism (United States politics)
|
| 650 |
|
0 |
|a Conservatism
|z United States.
|
| 651 |
|
7 |
|a United States.
|2 fast
|0 (OCoLC)fst01204155
|
| 651 |
|
6 |
|a États-Unis
|x Relations exterieures
|y 20e siecle.
|
| 651 |
|
6 |
|a États-Unis
|x Politique et gouvernement
|y 20e siecle.
|
| 651 |
|
0 |
|a United States
|x Politics and government
|y 20th century.
|
| 651 |
|
0 |
|a United States
|x Foreign relations
|y 20th century.
|
| 655 |
|
7 |
|a Electronic books.
|2 local
|
| 700 |
1 |
|
|a David, Charles-Philippe.
|
| 700 |
1 |
|
|a Tourreille, Julien,
|d 1979-
|
| 710 |
2 |
|
|a Project Muse.
|e distributor
|
| 830 |
|
0 |
|a Book collections on Project MUSE.
|
| 856 |
4 |
0 |
|z Texto completo
|u https://projectmuse.uam.elogim.com/book/20167/
|
| 945 |
|
|
|a Project MUSE - Custom Collection
|
| 945 |
|
|
|a Project MUSE - Archive Complete Supplement
|
| 945 |
|
|
|a Project MUSE - Archive Political Science and Policy Studies Supplement
|